[Event "POL-ch Rapid U18"]
[Site "Bydgoszcz"]
[Date "2023.08.30"]
[Round "11"]
[White "Wolak, Jan"]
[Black "Brzezina, Pawel"]
[Result "1/2-1/2"]
[WhiteElo "1485"]
[BlackElo "1492"]
[PlyCount "110"]
[EventDate "2023.08.28"]
[EventType "swiss"]
[EventRounds "11"]
[EventCountry "POL"]
[SourceTitle "EXT 2024"]
[Source "ChessBase"]
[SourceDate "2023.10.10"]
[SourceVersion "1"]
[SourceVersionDate "2023.10.10"]
[SourceQuality "1"]

1. e4 c5 2. Nf3 d6 3. d4 cxd4 4. Nxd4 Nf6 5. Nc3 a6 6. Be2 e5 7. Nb3 Be6 8. 0-0 Be7 9. Be3 0-0 10. f4 exf4 11. Bxf4 d5 12. exd5 Nxd5 13. Nxd5 Qxd5 14. Qe1 Bc5+ 15. Kh1 Nd7 16. Rd1 Qc6 17. Bf3 Qb6 18. Qg3 Bxb3 19. axb3 Nf6 20. Be5 Be7 21. Bxb7 Qxb7 22. Bxf6 Bxf6 23. Rxf6 Rac8 24. Rf2 Qe4 25. Qd3 Qc6 26. c3 Qb6 27. Qc2 Rce8 28. b4 Re7 29. h3 Rfe8 30. Qd2 Qb5 31. Qd3 h6 32. Qxb5 axb5 33. Rdd2 Re5 34. Kh2 f5 35. Kg3 Re3+ 36. Rf3 Re2 37. Rxe2 Rxe2 38. Rf2 Re5 39. Kf4 Rd5 40. Re2 g5+ 41. Ke3 Kf7 42. Rd2 Re5+ 43. Kd4 Ke6 44. Kd3 Kd6 45. Kc2+ Kc6 46. b3 Re4 47. Kb2 h5 48. Rc2 g4 49. c4 f4 50. Kc3 Re3+ 51. Kd4 gxh3 52. cxb5+ Kxb5 53. gxh3 Rxh3 54. Ke4 Rxb3 55. Kxf4 Rxb4+ 1/2-1/2

[Event "POL-ch U10"]
[Site "Sielpia"]
[Date "2023.03.06"]
[Round "3"]
[White "Kopacki, Aleksander"]
[Black "Wolak, Jan"]
[Result "1-0"]
[WhiteElo "1408"]
[BlackElo "1235"]
[PlyCount "117"]
[EventDate "2023.03.04"]
[EventType "swiss"]
[EventRounds "9"]
[EventCountry "POL"]
[SourceTitle "EXT 2024"]
[Source "ChessBase"]
[SourceDate "2023.10.10"]
[SourceVersion "1"]
[SourceVersionDate "2023.10.10"]
[SourceQuality "1"]
[WhiteTeam "Poland"]
[BlackTeam "Poland"]
[WhiteTeamCountry "POL"]
[BlackTeamCountry "POL"]

1. e4 c5 2. Nf3 Nc6 3. d4 cxd4 4. Nxd4 e5 5. Nb5 d6 6. N1c3 a6 7. Na3 b5 8. Nd5 Nge7 9. c4 Nxd5 10. exd5 Nd4 11. cxb5 Bd7 12. Bd3 axb5 13. 0-0 Be7 14. f4 0-0 15. fxe5 dxe5 16. Qh5 f5 17. Nc2 Be8 18. Qh3 Qxd5 19. Ne3 Qd8 20. Nxf5 Nxf5 21. Bxf5 Bg6 22. Be6+ Kh8 23. Be3 Qd6 24. a3 Rfd8 25. Rac1 Ra6 26. Bg4 Rc6 27. Rxc6 Qxc6 28. Rc1 Qd6 29. Be2 Bd3 30. Bc5 Qxc5+ 31. Rxc5 Bxc5+ 32. Kf1 Rf8+ 33. Ke1 Bxe2 34. Kxe2 Rf2+ 35. Kd3 Rf8 36. Qe6 Bd4 37. Qb3 h6 38. Qxb5 Rf2 39. b4 Rxg2 40. a4 Rxh2 41. a5 Rh3+ 42. Kc4 h5 43. a6 h4 44. Qb8+ Kh7 45. a7 Bxa7 46. Qxa7 Rg3 47. Qf2 g5 48. b5 Rg4+ 49. Kd5 Rb4 50. Qf7+ Kh6 51. Qf8+ Kh5 52. Qxb4 h3 53. Qd2 g4 54. Qf2 e4 55. Kxe4 g3 56. Qxg3 h2 57. Qxh2+ Kg6 58. Qe5 Kf7 59. Qd6 1-0

[Event "Krakow Malopolski Cup"]
[Site "Krakow"]
[Date "2022.08.04"]
[Round "1"]
[White "Wolak, Jan"]
[Black "Rainer, Piotr"]
[Result "0-1"]
[WhiteElo "1224"]
[BlackElo "1633"]
[PlyCount "84"]
[EventDate "2022.08.04"]
[EventType "swiss"]
[EventRounds "9"]
[EventCountry "POL"]
[SourceTitle "CBM 209 Extra"]
[Source "ChessBase"]
[SourceDate "2022.09.30"]
[SourceVersion "1"]
[SourceVersionDate "2022.09.30"]
[SourceQuality "1"]

1. e4 c5 2. Nf3 Nc6 3. d4 cxd4 4. Nxd4 e5 5. Nb5 d6 6. N1c3 a6 7. Na3 b5 8. Nd5 Nce7 9. Be3 Nxd5 10. Qxd5 Be6 11. Qd2 Be7 12. Be2 Nf6 13. f3 0-0 14. 0-0 Qc7 15. Rfd1 d5 16. exd5 Nxd5 17. Bf2 Rad8 18. Nb1 Nf4 19. Bd3 f5 20. Bg3 Bc5+ 21. Kh1 Nxd3 22. cxd3 f4 23. Bf2 Bxf2 24. Qxf2 Bf5 25. Qe2 Bxd3 26. Qf2 Qc2 27. Qxc2 Bxc2 28. Rxd8 Rxd8 29. Nc3 b4 30. Ne4 Bxe4 31. fxe4 Rd2 32. h3 Rxb2 33. Rc1 Rxa2 34. Rc8+ Kf7 35. Rc7+ Kf6 36. Rc6+ Kg5 37. Rc5 b3 38. Rxe5+ Kg6 39. Re6+ Kf7 40. Rb6 b2 41. Kh2 a5 42. Rb7+ Kf6 0-1

[Event "POL-ch U10"]
[Site "Jastrzebia Gora"]
[Date "2021.??.??"]
[Round "8"]
[White "Skrzypiec, Franciszek"]
[Black "Wolak, Jan"]
[Result "1-0"]
[WhiteElo "1193"]
[BlackElo "1092"]
[PlyCount "61"]
[EventDate "2021.02.28"]
[EventType "swiss"]
[EventRounds "9"]
[EventCountry "POL"]
[SourceTitle "EXT 2022"]
[Source "ChessBase"]
[SourceDate "2021.10.06"]
[SourceVersion "1"]
[SourceVersionDate "2021.10.06"]
[SourceQuality "1"]

1. c4 e5 2. Nc3 Nf6 3. g3 Be7 4. Bg2 0-0 5. e3 c6 6. Nge2 d5 7. cxd5 cxd5 8. d4 e4 9. 0-0 Nc6 10. Nf4 Be6 11. f3 Bf5 12. Qb3 exf3 13. Bxf3 Be6 14. Qxb7 Na5 15. Qa6 Bc8 16. Qe2 Bb7 17. Qg2 Rc8 18. Ncxd5 Nxd5 19. Nxd5 Bxd5 20. Bxd5 Qc7 21. Bd2 Rb8 22. Bxa5 Qxa5 23. Rf5 Qb6 24. Raf1 Bf6 25. b3 Rfe8 26. Qf2 Rbd8 27. g4 h6 28. h4 Rf8 29. g5 hxg5 30. hxg5 Be7 31. Bxf7+ 1-0

[Event "POL-ch U10"]
[Site "Jastrzebia Gora"]
[Date "2021.??.??"]
[Round "5"]
[White "Wolak, Jan"]
[Black "Golab, Antoni"]
[Result "0-1"]
[WhiteElo "1092"]
[BlackElo "1164"]
[PlyCount "88"]
[EventDate "2021.02.28"]
[EventType "swiss"]
[EventRounds "9"]
[EventCountry "POL"]
[SourceTitle "EXT 2022"]
[Source "ChessBase"]
[SourceDate "2021.10.06"]
[SourceVersion "1"]
[SourceVersionDate "2021.10.06"]
[SourceQuality "1"]

1. e4 c5 2. Nf3 d6 3. c3 Nf6 4. Be2 g6 5. 0-0 Bg7 6. d3 0-0 7. Re1 Nc6 8. Nbd2 Bd7 9. Nf1 e6 10. Be3 b6 11. Bg5 h6 12. Bh4 g5 13. Bg3 d5 14. exd5 exd5 15. Ne5 Re8 16. Nxd7 Qxd7 17. Qd2 Re6 18. h3 Qe7 19. Bf3 Re8 20. Ne3 Na5 21. Re2 d4 22. Nf5 Qd7 23. Nxg7 Kxg7 24. Rae1 Kg8 25. Be5 Qe7 26. Bxf6 Qxf6 27. Rxe6 Rxe6 28. Rxe6 Qxe6 29. c4 Nc6 30. Qe2 Qxe2 31. Bxe2 Ne5 32. Kf1 Kf8 33. g3 Ke7 34. f4 gxf4 35. gxf4 Ng6 36. f5 Nh4 37. Bg4 Kf6 38. Kf2 Nxf5 39. Bxf5 Kxf5 40. Kf3 Kg5 41. a3 f5 42. b4 Kh4 43. Kf4 Kxh3 44. Kxf5 Kg3 0-1

[Event "POL-ch U10"]
[Site "Jastrzebia Gora"]
[Date "2021.??.??"]
[Round "7"]
[White "Wolak, Jan"]
[Black "Przybys, Bruno"]
[Result "1/2-1/2"]
[WhiteElo "1092"]
[BlackElo "1218"]
[PlyCount "95"]
[EventDate "2021.02.28"]
[EventType "swiss"]
[EventRounds "9"]
[EventCountry "POL"]
[SourceTitle "EXT 2022"]
[Source "ChessBase"]
[SourceDate "2021.10.06"]
[SourceVersion "1"]
[SourceVersionDate "2021.10.06"]
[SourceQuality "1"]

1. e4 c5 2. Nf3 Nc6 3. d4 cxd4 4. Nxd4 g6 5. c4 Nf6 6. Nc3 d6 7. Be2 Nxd4 8. Qxd4 Bg7 9. Be3 0-0 10. Qd2 a5 11. 0-0 a4 12. f3 Qa5 13. Rfd1 a3 14. Bd4 Be6 15. b3 Nd7 16. Rab1 Bxd4+ 17. Qxd4 Qc5 18. Qxc5 Nxc5 19. Nd5 Bxd5 20. Rxd5 Rfd8 21. Rbd1 e6 22. Rxd6 Rxd6 23. Rxd6 Nxb3 24. Rd1 Nc5 25. Kf2 Kf8 26. Ke3 Ke7 27. f4 Rc8 28. Rb1 Rc7 29. Rb4 Rd7 30. Rb5 Na6 31. Ra5 Nb4 32. g3 Nxa2 33. Rxa3 Nb4 34. Rb3 Nc2+ 35. Kf2 Kf6 36. Rd3 Rxd3 37. e5+ Ke7 38. Bxd3 Nb4 39. Be4 b6 40. Kf3 f5 41. exf6+ Kxf6 42. g4 e5 43. f5 g5 44. Kg3 Na6 45. h4 Nc5 46. Bd5 Na6 47. Be4 h6 48. h5 1/2-1/2